| 000 | 00573nam a2200157 i 4500 | ||
|---|---|---|---|
| 001 | 39411 | ||
| 003 | ES-MaACL | ||
| 007 | t| | ||
| 008 | 030303s1961 sp ||||1| spa d | ||
| 110 | 2 |
_aCamara Oficial de Comercio e Industria de Zaragoza _92388 |
|
| 245 | 1 | 0 |
_aComercio exterior, importación, notas y disposiciones vigentes sobre importación de mercancias / _cCámara Oficial del Comercio y de la Industria de Zaragoza. |
| 260 |
_a[Zaragoza : _bEl Noticiero], _c1961. |
||
| 300 |
_a142 p. ; _c22 cm. |
||
| 852 |
_aES-MaACL _jE-2403 _bR.47903 |
||
| 999 |
_c39411 _d39411 |
||